Fr. Conceicao Rodrigues College of Engineering

Power electronics & Motor control (Record no. 34878)

MARC details
000 -LEADER
fixed length control field 00336nam a2200145Ia 4500
082 ## - DEWEY DECIMAL CLASSIFICATION NUMBER
Classification number 621.317
Item number SHE
100 ## - MAIN ENTRY--PERSONAL NAME
Personal name Shephard/ Hulley Liang
250 ## - EDITION STATEMENT
Edition statement 2
245 ## - TITLE STATEMENT
Title Power electronics & Motor control
260 ## - PUBLICATION, DISTRIBUTION, ETC.
Name of publisher, distributor, etc. Cambride University press
Place of publication, distribution, etc. Cambridge
Date of publication, distribution, etc. 1995
300 ## - PHYSICAL DESCRIPTION
Extent 539
546 ## - LANGUAGE NOTE
Language note ENGLISH
654 ## - SUBJECT ADDED ENTRY--FACETED TOPICAL TERMS
Focus term power
942 ## - ADDED ENTRY ELEMENTS (KOHA)
Koha item type Reference Book
Holdings
Withdrawn status Lost status Damaged status Not for loan Collection Home library Current library Shelving location Date acquired Total Checkouts Full call number Barcode Date last seen Price effective from Koha item type
        CRC Fr. Agnel's C.Rodrigues College of Engineering Fr. Agnel's C.Rodrigues College of Engineering   17/03/2023   621.317 SHE 9336 17/03/2023 17/03/2023 Reference Book